Despojos de la noche / (Record no. 23895)

MARC details
000 -LEADER
campo de control de longitud fija 00524nam a2200193 i 4500
001 - NÚMERO DE CONTROL
campo de control 23895
003 - IDENTIFICADOR DE NÚMERO DE CONTROL
campo de control ES-MaACL
007 - CAMPO FIJO DE DESCRIPCIÓN FÍSICA--INFORMACIÓN GENERAL
campo de control de longitud fija t|
008 - DATOS DE LONGITUD FIJA--INFORMACIÓN GENERAL
campo de control de longitud fija 021213s1983 sp ||||1| spa d
100 1# - ENTRADA PRINCIPAL--NOMBRE DE PERSONA
Nombre de persona Amaro, José Luis.
9 (RLIN) 21121
245 10 - MENCIÓN DEL TÍTULO
Título Despojos de la noche /
Mención de responsabilidad, etc. José Luis Amaro.
260 ## - PUBLICACIÓN, DISTRIBUCIÓN, ETC.
Lugar de publicación, distribución, etc. Córdoba :
Nombre del editor, distribuidor, etc. [s.n.],
Fecha de publicación, distribución, etc. 1983.
300 ## - DESCRIPCIÓN FÍSICA
Extensión 56 p. ;
Dimensiones 20 cm.
490 1# - MENCIÓN DE SERIE
Mención de serie Pandora. Poesía ;
Designación de volumen o secuencia 1
830 0# - PUNTO DE ACCESO ADICIONAL DE SERIE-TÍTULO UNIFORME
Título uniforme Pandora. Poesía ;
Designación de volumen o secuencia 1
9 (RLIN) 229058
852 ## - LOCALIZACIÓN
Ubicación ES-MaACL
Número de control de estantería L-5616
852 ## - LOCALIZACIÓN
Ubicación ES-MaACL
Número de control de estantería L-6803
Holdings
Estatus retirado Estado de pérdida Estado de daño No para préstamo Biblioteca de origen Biblioteca actual Ubicación en estantería Fecha de adquisición Fuente de adquisición Total de préstamos Signatura topográfica completa Código de barras Visto por última vez Precio de reemplazo Tipo de ítem Koha
        Biblioteca del Ateneo de Madrid Biblioteca del Ateneo de Madrid Depósito 2 17/01/2008     L-6803 1024628 23/02/2023 23/02/2023 Libro impreso
        Biblioteca del Ateneo de Madrid Biblioteca del Ateneo de Madrid Depósito 2 17/01/2008     L-5616 1024627 23/02/2023 23/02/2023 Libro impreso